[Event "Grosseto op 2nd"]
[Site "Grosseto"]
[Date "2013.05.09"]
[Round "1"]
[White "Baldi, Daniele"]
[Black "Collutiis, Duilio"]
[Result "0-1"]
[WhiteElo "1920"]
[BlackElo "2473"]
[PlyCount "84"]
[EventDate "2013.05.09"]
[EventType "swiss"]
[EventRounds "6"]
[EventCountry "ITA"]
[SourceTitle "CBM 154 Extra"]
[Source "ChessBase"]
[SourceDate "2013.06.25"]
[SourceVersion "2"]
[SourceVersionDate "2013.06.25"]
[SourceQuality "1"]

1. d4 Nf6 2. Nf3 c5 3. d5 d6 4. g3 g6 5. Bg2 Bg7 6. 0-0 0-0 7. c4 b5 8. cxb5 a6 9. b6 Nbd7 10. Nc3 Qxb6 11. h3 Ne8 12. e4 Nc7 13. Qc2 Nb5 14. Rb1 Rb8 15. Na4 Qc7 16. Be3 Re8 17. Rbc1 a5 18. Rfd1 Nb6 19. Nc3 Nxc3 20. bxc3 Bd7 21. Qd2 Nc4 22. Qe2 Bb5 23. Re1 Ba6 24. Rb1 Rxb1 25. Rxb1 Na3 26. Qxa6 Nxb1 27. Qb5 Rb8 28. Qd3 Nxc3 29. e5 Nxa2 30. e6 f5 31. g4 Qb7 32. Kh2 Nb4 33. Qe2 Qxd5 34. gxf5 Qxf5 35. Ng5 a4 36. Be4 Qe5+ 37. f4 Qb2 38. Qxb2 Bxb2 39. f5 Bd4 40. Bc1 d5 41. Bb1 Nc6 42. Ba2 c4 0-1

[Event "Lucca op 21st"]
[Site "Lucca"]
[Date "2009.10.03"]
[Round "1"]
[White "Salvador, Roland"]
[Black "Baldi, Daniele"]
[Result "1-0"]
[WhiteElo "2461"]
[BlackElo "1986"]
[PlyCount "59"]
[EventDate "2009.10.03"]
[EventType "swiss"]
[EventRounds "6"]
[EventCountry "ITA"]
[SourceTitle "EXT 2012"]
[Source "ChessBase"]
[SourceDate "2011.11.24"]
[SourceVersion "1"]
[SourceVersionDate "2011.11.24"]
[SourceQuality "1"]

1. d4 Nf6 2. Nf3 g6 3. Nc3 d5 4. Bf4 Bg7 5. e3 Bg4 6. h3 Bxf3 7. Qxf3 c6 8. Bd3 Na6 9. a3 Nc7 10. g4 Nd7 11. h4 Ne6 12. Bg3 Nb6 13. h5 Qd7 14. a4 Ng5 15. Qe2 Qe6 16. a5 Nd7 17. Bf4 Ne4 18. Nxe4 dxe4 19. Bc4 Qf6 20. h6 Bf8 21. g5 Qf5 22. a6 b6 23. Qd2 e5 24. dxe5 Nxe5 25. Bxe5 Qxe5 26. 0-0-0 Qc7 27. Qd4 Rg8 28. Qf6 Bc5 29. Rh4 Qe7 30. Rxe4 1-0